Ir para o conteúdo

Экономика труда учебно-методическое пособие

Изложены опорный конспект тем, планы практических занятий, методические рекомендации к выполнению самостоятельной и индивидуальной работы, примеры решения задач и задачи для самостоятельной работы, тестовые задания, критерии оценивания, список рекомендованной и использованной литературы, рекомендуем...

ver descrição completa

Na minha lista:
Detalhes bibliográficos
Autor principal: Балтачеева Н. А.
Formato: Книга
Idioma:Russian
Publicado em: Донецк ДонНУ 2020
Acesso em linha:https://e.lanbook.com/book/179964
https://e.lanbook.com/img/cover/book/179964.jpg
Tags: Adicionar Tag
Sem tags, seja o primeiro a adicionar uma tag!
LEADER 01874nam0a2200253 i 4500
001 179964
003 RuSpLAN
005 20221220174134.0
008 221220s2020 ru gs 000 0 rus
040 |a RuSpLAN 
041 0 |a rus 
044 |a ru 
080 |a 331 (072) 
084 |a У24р30  |2 rubbk 
245 0 0 |a Экономика труда  |b учебно-методическое пособие  |c Балтачеева Н. А. 
260 |a Донецк  |b ДонНУ  |c 2020 
300 |a 204 с. 
504 |a Библиогр.: доступна в карточке книги, на сайте ЭБС Лань 
520 8 |a Изложены опорный конспект тем, планы практических занятий, методические рекомендации к выполнению самостоятельной и индивидуальной работы, примеры решения задач и задачи для самостоятельной работы, тестовые задания, критерии оценивания, список рекомендованной и использованной литературы, рекомендуемые информационные ресурсы. Учебно-методическое пособие предназначено для студентов экономических направлений подготовки и специальностей образовательных учреждений высшего профессионального образования. 
521 8 |a Книга из коллекции ДонНУ - Экономика и менеджмент 
100 1 |a Балтачеева Н. А. 
856 4 |u https://e.lanbook.com/book/179964 
856 4 8 |u https://e.lanbook.com/img/cover/book/179964.jpg 
953 |a https://e.lanbook.com/img/cover/book/179964.jpg